| 000 | 00913nam a22002057a 4500 | ||
|---|---|---|---|
| 003 | AM-YeHGA | ||
| 005 | 20250617154016.0 | ||
| 008 | 180411s1940 ru ||||| |||| 00| 0 rus d | ||
| 040 | _aAM-YeHGA | ||
| 041 | 0 | _arus | |
| 245 | 0 | 0 |
_aСвекловодство / _bВсесоюзный научно-исследовательский институт сахарной промышленности _cОтв. ред. Ф.А. Кудлай |
| 260 |
_aКиев : _bСельхозгиз, |
||
| 300 | _aтом. | ||
| 505 | 1 | 0 |
_gТ. 1 (1940, 918 с.) _tБиология, генетика и селекция сахарной свеклы |
| 653 | 0 | _aСахарная свекла | |
| 700 | 1 |
_aКудлай, Ф.А. _eред. _4edt |
|
| 710 | 2 | _aВсесоюзный научно-исследовательский институт сахарной промышленности | |
| 942 |
_2udc _cBK |
||
| 090 | _c404951 | ||
| 999 |
_c402735 _d402735 |
||